000 01053nac a22003137a 4500
001 BR0400094
003 BR-BrBNA
005 20240105122930.0
008 230509b bl.|||m| |||| 00| 0 por d
040 _aBR-BrBNA
_bpor
_cBiblioteca Nacional de Agricultura
072 _aF04
090 _aF04 BR0400094
100 1 _aKonzen, E.A.
110 1 _aCentro Nacional de Pesquisa de Milho e Sorgo, Sete Lagoas, MG (Brasil)
_91790
245 1 _aEstabilização de resíduos orgânicos em processos de compostagem e vermicompostagem
260 3 _aSete Lagoas, MG (Brasil):
_c1999.
300 _a6 p.
490 _aComunicado Técnico - Centro Nacional de Pesquisa de Milho e Sorgo (Brazil)
_vno. 12
_xISSN 0101-5605
650 _aRESÍDUO ORGÂNICO
650 _aPROPRIEDADE FÍSICO-QUÍMICA
650 _aPRODUÇÃO DE ALIMENTOS
650 _aBIOLOGIA DO SOLO
650 _aCOMPOSTO ORGÂNICO
650 _aCOMPOSTAGEM
650 _aHÚMUS
650 _aMINHOCA
909 _a202312
_bLúcia Elande
_c55
_dLúcia Elande
942 _2AGRIS
_n0
_cMS
999 _c293356
_d293356